000
00252nam a22001217a 4500
003
OSt
008
221108b |||||||| |||| 00| 0 eng d
041
_a
eng
082
_a
532
_b
SUB/HY
100
_a
Subramanyan
_9
5305
245
_a
Hydraulics
942
_c
BK
999
_c
17579
_d
17579